000 00640nam a2200217Ia 4500
005 20221126100002.0
008 131103s9999 xx 000 0 und d
040 _aLoreto College
041 _aEnglish
082 _a821.8
_bBRO-KIN
100 _akING, rOMA a.
245 4 _aThe Bow and the Lyre
_b the art of Robert Browning
260 _aMichigan
_bUniversity of Michigan Press
_c1964
300 _a162 p.
440 _aAnn Arobor paperbacks
504 _aIncludes bibliographical references and index
650 _aEnglish Poetry
651 _aBrowning, Robert - Criticism and Interpretation
850 _aLCLIB
942 _cBK
999 _c6521
_d57000